000 00512nam a2200181Ia 4500
005 20250326124413.0
008 250326s9999 xx 000 0 und d
037 _aTextbook
040 _aFMSL
_beng
_cFMSL
041 _aeng
_2eng
084 _aX:75.58'N7 L3
_qFMSL
100 _aEllman M
_9737337
245 0 _aPlanning problems in the ussr
_cEllman M
260 _aCambridge
_bCambridge, University Press
_c1973
300 _a222p
942 _cTB
_hX:75.58'N7 L3
999 _c1273582
_d1273582